Top 50 Torschützen der AS Monaco - Statistiken

Allgemein
  • Dieses Quiz wurde 20 mal gespielt
  • Das Durchschnittsergebnis liegt bei 7 aus 50
Antwortstatistiken
Tore Nationalität aktueller Verein Spieler % Korrekt
27 Frankreich PSG Mbappe
88%
39 Deutschland 1.FC Union Berlin Volland
88%
83 Kolumbien Rayo Vallecano Falcao
82%
113 Frankreich AS Monaco Ben Yedder
76%
31 Russland AS Monaco Golovin
65%
28 Frankreich Karriereende Henry
59%
28 Portugal Manchester City Silva
53%
66 Liberia Karriereende Weah
35%
26 Nigeria Karriereende Adebayor
29%
31 Brasilien Al-Ittihad Fabinho
18%
35 Deutschland Karriereende Klinsmann
18%
31 Senegal Karriereende Toure
18%
62 Frankreich Karriereende Trezeguet
18%
67 Frankreich Karriereende Giuly
12%
35 Elfenbeinküste Karriereende Fofana
6%
77 Nigeria Karriereende Ikpeba
6%
67 D.R. Kongo Karriereende Nonda
6%
49 Frankreich —- Petit
6%
45 Kroatien Karriereende Prso
6%
42 Frankreich Karriereende Amoros
0%
67 Brasilien Karriereende Anderson
0%
34 Schweiz Karriereende Barberis
0%
56 Frankreich Karriereende Bellone
0%
30 Frankreich —- Biancheri
0%
31 Frankreich Karriereende Bravo
0%
30 Frankreich —- Bruey
0%
43 Niederlande —- Carlier
0%
26 Uruguay Karriereende Chevanton
0%
26 Südkorea Ulsan HD FC Chu-young Park
0%
114 Frankreich Karriereende Cossou
0%
27 Frankreich Karriereende Couriol
0%
64 Frankreich —- Dalger
0%
30 Argentinien Karriereende Diaz
0%
55 Togo —- Djibrill
0%
68 Frankreich Karriereende Djorkaeff
0%
74 Frankreich —- Douis
0%
33 Frankreich Karriereende Emon
0%
57 Frankreich Karriereende Genghini
0%
53 Frankreich Macarthur FC Germain
0%
34 Frankreich —- Hess
0%
31 Frankreich —- Hidalgo
0%
30 England Karriereende Hoddle
0%
27 Frankreich —- Kaelbel
0%
33 Argentinien Karriereende Nogues
0%
193 Argentinien Karriereende Onnis
0%
27 Argentinien —- Pastoriza
0%
62 Frankreich Karriereende Roy
0%
44 Italien Karriereende Simone
0%
27 Frankreich —- Stopyra
0%
44 Frankreich —- Szkudlapski
0%
Keine übereinstimmenden Quizze gefunden
Verteilung der Resultate
Anzahl Personen mit jedem Resultat
Perzentil nach korrekt beantworteten Fragen
Ihre Resultats-Entwicklung
Sie haben dieses Quiz noch nicht gespielt